000 00386nam a22001577a 4500
999 _c4709
_d4709
008 200819b ||||| |||| 00| 0 eng d
082 0 0 _a623.88
_bK321
100 _91932
_aKemp
245 1 0 _aSeamanship notes ( for the M.O.T. examinations)
_cby Kemp
260 _aKent
_bKandy
_c1960
300 _a80 p.
365 _d5.20
650 0 _aSeamanship
700 _91933
_aYoung
942 _cBK